Atlas de anatomía sistémica e histología de Lapa / (Registro nro. 18966)

Detalles MARC
000 -CABECERA
Campo de control 00889nam a2200253 a 4500
005 - FECHA Y HORA DE LA ULTIMA TRANSACCION
Campo de control 20191224042308.0
008 - ELEMENTOS DE LONGITUD FIJA—INFORMACION GENERAL
Campo de control 160818b2014 ck ao|||r|||| 00| 0 spa d
020 ## - ISBN
ISBN 9789585778115
040 ## - FUENTE DE CATALOGACIÓN
Agencia catalogadora original CO-BoIAVH
Agencia transcriptora CO-BoIAVH
041 0# - IDIOMA
Código de idioma para texto/pista de sonido o título separado Español
044 ## - PAÍS DE PUBLICACIÓN
País de publicación Colombia
082 04 - NUMERO DE CLASIFICACION DECIMAL DEWEY
Número de clasificación 599.359
Número del ítem M77a
100 1# - ASIENTO PRINCIPAL--NOMBRE PERSONAL
Nombre personal Montenegro Silva, Tulio G.
9 (RLIN) 74496
245 10 - MENCION DE TITULO
Título Atlas de anatomía sistémica e histología de Lapa /
Mención de responsabilidad Tulio G. Montenegro Silva [y otros 3]
250 ## - MENCION DE EDICION
Mención de edición Primera edición
260 ## - PUBLICACION, DISTRIBUCION, ETC. (PIE DE IMPRENTA)
Lugar de publicación, distribución, etc. Villavicencio?, Meta :
Nombre del editor, distribuidor, etc. Cormacarena :
-- Unillanos :
-- Gobernación del Meta,
Fecha de publicación, distribución, etc. 2014.
300 ## - DESCRIPCION FISICA
Extensión 199 páginas :
Otros detalles físicos ilustraciones a color y fotografías a color ;
Dimensiones 28 x 21 cm.
504 ## - NOTA DE BIBLIOGRAFIA, ETC.
Nota de bibliografía Incluye referencias bibliográficas.
650 26 - ASIENTO SECUNDARIO DE MATERIA - TERMINO TEMATICO
Término temático o nombre geográfico como elemento de entrada Rodentia
9 (RLIN) 74497
650 24 - ASIENTO SECUNDARIO DE MATERIA - TERMINO TEMATICO
Término temático o nombre geográfico como elemento de entrada Lapa
9 (RLIN) 32977
650 26 - ASIENTO SECUNDARIO DE MATERIA - TERMINO TEMATICO
Término temático o nombre geográfico como elemento de entrada Lapa
Subdivisión general Osteología
9 (RLIN) 74499
650 26 - ASIENTO SECUNDARIO DE MATERIA - TERMINO TEMATICO
Término temático o nombre geográfico como elemento de entrada Anatomia animal
Subdivisión de forma Atlas
9 (RLIN) 74500
942 ## - ELEMENTOS ADICIONALES (KOHA)
Sistema de clasificación Dewey Decimal Classification
Tipo de ítem Libro
Existencias
Withdrawn status Lost status Sistema de Clasificación Damaged status No para préstamo Colección Inventariado Ubicación Permanente Ubicación actual Fecha de adquisición Fuente de Valor Valor Total Checkouts Número topográfico Inventario / Código de Barras Date last seen Ejemplar Price effective from Forma de adquisición Tipo de material
    Dewey Decimal Classification     General Inventariado 2017 Bogotá Bogotá 18/08/2016 Instituto 39000.00   LB-599.359 M77a 040600 18/08/2016 Ej. 1 18/08/2016 Donación Libro